000 00465nam a22001577a 4500
005 20231026135518.0
008 231026b |||||||| |||| 00| 0 eng d
041 _aEnglish / Afrikaans
082 _a346.7 NAT
100 _lEnglish / Afrikaans
245 _aNational Credit Act 34 of 2005
260 _aDurban :
_bLexisNexis (Pty) Ltd,
_c2002
300 _b1044 pages ;
_c26 cm.
650 _aLegal practice
_bLaw
942 _cBK
_6ALISON_BN_VRIES
999 _c95
_d95